Southville International School and Colleges

The first phone call from heaven / (Record no. 343732)

000 -LEADER
fixed length control field 00464nam a2200193Ia 4500
008 - FIXED-LENGTH DATA ELEMENTS--GENERAL INFORMATION
fixed length control field 170918s9999 xx 000 0 und d
020 ## - INTERNATIONAL STANDARD BOOK NUMBER
International Standard Book Number 9780062294371
050 ## - LIBRARY OF CONGRESS CALL NUMBER
Item number A339fi 2013
100 ## - MAIN ENTRY--PERSONAL NAME
Personal name Albom, Mitch
245 #4 - TITLE STATEMENT
Title The first phone call from heaven /
245 ## - TITLE STATEMENT
Statement of responsibility, etc by Mitch Albom.
250 ## - EDITION STATEMENT
Edition statement First edition
260 ## - PUBLICATION, DISTRIBUTION, ETC. (IMPRINT)
Place of publication, distribution, etc New York :
260 ## - PUBLICATION, DISTRIBUTION, ETC. (IMPRINT)
Name of publisher, distributor, etc Harper,
260 ## - PUBLICATION, DISTRIBUTION, ETC. (IMPRINT)
Date of publication, distribution, etc 2013
300 ## - PHYSICAL DESCRIPTION
Extent 326 pages :
300 ## - PHYSICAL DESCRIPTION
Other physical details illustrations ;
300 ## - PHYSICAL DESCRIPTION
Dimensions 19cm.
Holdings
Withdrawn status Permanent Location Full call number Koha item type Current Location Date acquired Date last seen Damaged status Barcode Price effective from Lost status
 Stonyhurst Southville International School (Malarayat)FIC A339fi 2013BooksStonyhurst Southville International School (Malarayat)2017-09-182017-09-18 SSISM28042017-09-18 
Powered by Koha